专业 (Record no. 35882)

000 -LEADER
fixed length control field 00496nam a22001937a 4500
003 - CONTROL NUMBER IDENTIFIER
control field MPLRDC
005 - DATE AND TIME OF LATEST TRANSACTION
control field 20220104143025.0
008 - FIXED-LENGTH DATA ELEMENTS--GENERAL INFORMATION
fixed length control field 210129b ||||| |||| 00| 0 eng d
020 ## - INTERNATIONAL STANDARD BOOK NUMBER
International Standard Book Number 986-417-653-6
082 ## - DEWEY DECIMAL CLASSIFICATION NUMBER
Classification number 494.35 DQYY
100 ## - MAIN ENTRY--PERSONAL NAME
Personal name 大前研一
245 ## - TITLE STATEMENT
Title 专业
Statement of responsibility, etc. 吕美女 译
250 ## - EDITION STATEMENT
Edition statement 一版22刷
260 ## - PUBLICATION, DISTRIBUTION, ETC.
Place of publication, distribution, etc. 台湾
Name of publisher, distributor, etc. 天下远见出版股份有限公司
Date of publication, distribution, etc. 2006
300 ## - PHYSICAL DESCRIPTION
Other physical details 245
490 ## - SERIES STATEMENT
Series statement 心理励志: 209
650 ## - SUBJECT ADDED ENTRY--TOPICAL TERM
Topical term or geographic name entry element 职场成功法
942 ## - ADDED ENTRY ELEMENTS (KOHA)
Koha item type Book
-- 494.35 DQYY
Holdings
Withdrawn status Lost status Source of classification or shelving scheme Damaged status Not for loan Collection code Home library Current library Shelving location Date acquired Cost, normal purchase price Total Checkouts Full call number Barcode Date last seen Date last checked out Price effective from Koha item type Public note
            Malaysian Public Library, Research and Development Centre Malaysian Public Library, Research and Development Centre   10/12/2007 45.70   494.35 DQYY 00035995 18/03/2021 30/11/2018 18/03/2021 Book mplrdc

© 2022. Malaysian Public Library, Research and Development Centre. All Right ReservedE-mailmplrdc@help.edu.my 

Powered by Koha